| 000 | 00375nam a2200145Ia 4500 | ||
|---|---|---|---|
| 008 | 230312s9999||||xx |||||||||||||| ||und|| | ||
| 020 | _a81-203-0124-5 | ||
| 082 |
_a621.382 _bMOT-E |
||
| 100 | _aMottershead;Allen | ||
| 245 | 0 | _aElectronic Devices and Circuits | |
| 260 |
_bPHI _aIndia _c2010 |
||
| 300 | _a641 | ||
| 650 |
_aEngineering _vElectrical Engineering |
||
| 942 | _cBK | ||
| 999 |
_c10715 _d10715 |
||